[Event "24th ch-EUR Indiv 2024"]
[Site "Petrovac MNE"]
[Date "2024.11.08"]
[Round "1.1"]
[White "Kanyamarala, Tarun"]
[Black "Fedoseev, Vladimir3"]
[Result "0-1"]
[WhiteTitle "IM"]
[BlackTitle "GM"]
[WhiteElo "2371"]
[BlackElo "2712"]
[WhiteFideId "45004714"]
[BlackFideId "24130737"]
[EventDate "2024.11.08"]

1. d4 Nf6 2. c4 e6 3. Nc3 d5 4. Nf3 Nbd7 5. Qc2 Be7 6. cxd5 exd5 7. Bf4 c6 8. h3
Nf8 9. e3 Ng6 10. Bh2 Bd6 11. Bxd6 Qxd6 12. Bd3 Be6 13. O-O O-O 14. a3 Qe7 15.
Rfe1 Ne8 16. b4 Qf6 17. Kh2 Nd6 18. b5 cxb5 19. Nxb5 Rfc8 20. Qb2 Ne4 21. Rec1
Rf8 22. Nc7 Rad8 23. Ra2 Nd6 24. Rc5 Ne7 25. Qb1 Bxh3 26. Nxd5 Nxd5 27. Rxd5 Bg4
28. Bxh7+ Kh8 29. Ng5 g6 30. e4 Be6 31. Qc1 Bxd5 32. exd5 Kg7 33. Rb2 Rh8 34.
Rb3 Rc8 35. Qd2 Nc4 36. Qc1 Na5 0-1

[Event "24th ch-EUR Indiv 2024"]
[Site "Petrovac MNE"]
[Date "2024.11.08"]
[Round "1.2"]
[White "Deac, Bogdan-Daniel"]
[Black "Gasparyan, Erik R."]
[Result "1-0"]
[WhiteTitle "GM"]
[BlackTitle "FM"]
[WhiteElo "2687"]
[BlackElo "2371"]
[WhiteFideId "1226380"]
[BlackFideId "13315730"]
[EventDate "2024.11.08"]

1. c4 e6 2. Nc3 d5 3. d4 Nf6 4. cxd5 exd5 5. Bf4 Bb4 6. e3 O-O 7. Bd3 c5 8. Ne2
Nc6 9. O-O cxd4 10. exd4 Bd6 11. Qd2 Bxf4 12. Nxf4 Qd6 13. Rad1 Bd7 14. f3 Ne7
15. g4 Ng6 16. Ng2 Rfe8 17. Qf2 Bc6 18. g5 Nd7 19. f4 f6 20. h4 Ngf8 21. Ne3 Nb6
22. Nf5 Qd7 23. gxf6 gxf6 24. Kh2 Kh8 25. Rg1 Ne6 26. Nh6 Re7 27. Rg3 Rg7 28. f5
Nc7 29. Rxg7 Qxg7 30. Qf4 Re8 31. Rg1 Qe7 32. Be2 Nc8 33. Bh5 Rf8 34. Qg4 1-0

[Event "24th ch-EUR Indiv 2024"]
[Site "Petrovac MNE"]
[Date "2024.11.08"]
[Round "1.3"]
[White "Kuru, Atilla"]
[Black "Van Foreest, Jorden"]
[Result "1/2-1/2"]
[WhiteTitle "FM"]
[BlackTitle "GM"]
[WhiteElo "2371"]
[BlackElo "2687"]
[WhiteFideId "51607948"]
[BlackFideId "1039784"]
[EventDate "2024.11.08"]

1. e4 c5 2. Nf3 Nc6 3. d4 cxd4 4. Nxd4 e6 5. Nc3 Qc7 6. Be3 a6 7. Qf3 b5 8. Qg3
Qxg3 9. hxg3 Bb7 10. f3 Bc5 11. Nf5 Bxe3 12. Nxe3 Ke7 13. g4 h6 14. a4 b4 15.
Ne2 Nf6 16. Nf4 Rac8 17. Nd3 a5 18. Nc5 Ba8 19. Nb3 Rhd8 20. O-O-O Ne5 21. Nxa5
d5 22. exd5 Nxd5 23. Nac4 Nxc4 24. Nxc4 Rc5 25. b3 Rdc8 26. Rh5 f6 27. Rd2 e5
28. Rh1 R8c7 29. Bd3 Nc3 30. Ne3 Bd5 31. Kb2 Be6 32. Ra1 Rd7 33. a5 1/2-1/2

[Event "24th ch-EUR Indiv 2024"]
[Site "Petrovac MNE"]
[Date "2024.11.08"]
[Round "1.4"]
[White "Martirosyan, Haik M."]
[Black "Vestby-Ellingsen, Mads"]
[Result "1/2-1/2"]
[WhiteTitle "GM"]
[BlackTitle "IM"]
[WhiteElo "2676"]
[BlackElo "2368"]
[WhiteFideId "13306553"]
[BlackFideId "1520857"]
[EventDate "2024.11.08"]

1. d4 Nf6 2. c4 e6 3. Nf3 Bb4+ 4. Bd2 Qe7 5. g3 Nc6 6. Bg2 Bxd2+ 7. Nbxd2 d6 8.
O-O a5 9. a3 O-O 10. e4 e5 11. d5 Nb8 12. b4 Bg4 13. Qc2 Bxf3 14. Bxf3 Na6 15.
Qc3 c6 16. Nb3 axb4 17. axb4 cxd5 18. exd5 Rac8 19. Rfe1 e4 20. b5 Nc5 21. Nd2
Rfe8 22. Bg2 Qd7 23. Re2 Qf5 24. h3 h5 25. Rae1 Re5 26. f4 exf3 27. Rxe5 f2+ 28.
Kh2 fxe1=Q 29. Rxe1 Re8 30. Rxe8+ Nxe8 31. Nf3 Nf6 32. Qa5 Qc8 33. Nd4 Nd3 34.
Qa3 Qxc4 35. Nf5 Qxb5 36. Qxd6 Qd7 37. Ne7+ Kh8 38. Qb8+ Kh7 39. d6 Ne5 40. Bxb7
Qa4 41. Bg2 Neg4+ 42. hxg4 Nxg4+ 43. Kh3 Nf2+ 44. Kh2 Ng4+ 45. Kh3 1/2-1/2

[Event "24th ch-EUR Indiv 2024"]
[Site "Petrovac MNE"]
[Date "2024.11.08"]
[Round "1.5"]
[White "Wallace, John Paul"]
[Black "Navara, David"]
[Result "0-1"]
[WhiteTitle "IM"]
[BlackTitle "GM"]
[WhiteElo "2368"]
[BlackElo "2674"]
[WhiteFideId "3200957"]
[BlackFideId "309095"]
[EventDate "2024.11.08"]

1. c4 e5 2. d3 Nf6 3. Nf3 Nc6 4. a3 g6 5. b4 Bg7 6. Bb2 d6 7. e3 O-O 8. Be2 e4
9. dxe4 Nxe4 10. Qc1 a5 11. Bxg7 Kxg7 12. Nc3 Nxc3 13. Qxc3+ Qf6 14. Qxf6+ Kxf6
15. b5 Nd8 16. Nd2 Ne6 17. Ne4+ Ke7 18. Nc3 Nc5 19. Nd5+ Kd8 20. O-O Be6 21.
Rad1 c6 22. Nc3 Kc7 23. h4 h6 24. Rd4 Nb3 25. Rf4 f5 26. Rd1 g5 27. Rf3 Nc5 28.
hxg5 hxg5 29. Rh3 Rh8 30. Rxh8 Rxh8 31. f4 gxf4 32. exf4 Rh4 33. g3 Rh6 34. Rd4
Bf7 35. Bd1 Nd7 36. bxc6 bxc6 37. Bc2 Rf6 38. Nd1 c5 39. Rd5 Bxd5 40. cxd5 c4
41. Ne3 c3 42. Kf2 Kb6 43. Ke2 Kc5 44. Bxf5 Nb6 45. Be4 Nc4 46. Nc2 Rh6 47. g4
Rh2+ 48. Kd1 Rf2 49. f5 Rf4 50. Bd3 Rxg4 0-1

[Event "24th ch-EUR Indiv 2024"]
[Site "Petrovac MNE"]
[Date "2024.11.08"]
[Round "1.6"]
[White "Saric, Ivan"]
[Black "Goroshkov, Maksym"]
[Result "1-0"]
[WhiteTitle "GM"]
[BlackTitle "FM"]
[WhiteElo "2668"]
[BlackElo "2368"]
[WhiteFideId "14508150"]
[BlackFideId "14142716"]
[EventDate "2024.11.08"]

1. e4 e6 2. d4 d5 3. Nc3 Nf6 4. e5 Nfd7 5. f4 c5 6. Nf3 Nc6 7. Be3 a6 8. Ne2 b5
9. c3 Bb7 10. h4 Be7 11. Ng3 cxd4 12. cxd4 f5 13. Ng5 Bxg5 14. hxg5 Qa5+ 15. Qd2
Qxd2+ 16. Kxd2 Rc8 17. Rc1 Nb6 18. b3 O-O 19. Bd3 Nb4 20. Rxc8 Nxc8 21. Bb1 Ne7
22. Ne2 Rc8 23. Nc1 Rc7 24. a3 Nbc6 25. Nd3 Na5 26. Bc2 Bc8 27. Nc5 Rc6 28. Ra1
Nb7 29. Nd3 Bd7 30. Bd1 a5 31. Be2 Nc8 32. Rb1 Rc7 33. Bf2 Nb6 34. Nc5 Nxc5 35.
dxc5 Na8 36. a4 b4 37. c6 Rxc6 38. Bb5 Rc7 39. Rc1 Rxc1 40. Kxc1 Bxb5 41. axb5
Nc7 42. b6 Na6 43. b7 Kf7 44. Ba7 Ke7 45. b8=Q Nxb8 46. Bxb8 Kd7 47. Kc2 g6 48.
Kd3 Kc6 49. Bd6 Kb6 50. Kd4 Kc6 51. Bf8 Kb6 52. Be7 Kb5 53. Bd8 a4 54. bxa4+
Kxa4 55. Be7 Ka3 56. Kd3 Kb3 57. Bd6 Ka4 58. Kc2 Ka3 59. Be7 Ka4 60. Kb2 b3 61.
Bd6 d4 62. Bc5 d3 63. Be3 Kb4 64. Bd2+ Kc4 65. Ka3 1-0

[Event "24th ch-EUR Indiv 2024"]
[Site "Petrovac MNE"]
[Date "2024.11.08"]
[Round "1.7"]
[White "Citak, Selim"]
[Black "Vitiugov, Nikita"]
[Result "0-1"]
[WhiteTitle "FM"]
[BlackTitle "GM"]
[WhiteElo "2366"]
[BlackElo "2668"]
[WhiteFideId "6301819"]
[BlackFideId "4152956"]
[EventDate "2024.11.08"]

1. d4 Nf6 2. c4 e6 3. Nc3 Bb4 4. Qc2 d6 5. Nf3 O-O 6. Bd2 b6 7. a3 Bxc3 8. Bxc3
Bb7 9. e3 Nbd7 10. Be2 Ne4 11. b4 f5 12. Bb2 Ng5 13. Nd2 Bxg2 14. Rg1 Be4 15.
Qc3 Nh3 16. Rg3 Qh4 17. d5 e5 18. O-O-O Nxf2 19. Rdg1 Rf7 20. Nf3 Bxf3 21. Rxf3
Nh3 22. Rgf1 Ng5 23. Rxf5 Rxf5 24. Rxf5 Ne4 25. Qd3 Qxh2 26. Bd1 Ng3 27. Rg5 Rf8
28. e4 Nh1 29. Bc3 Nf2 0-1

[Event "24th ch-EUR Indiv 2024"]
[Site "Petrovac MNE"]
[Date "2024.11.08"]
[Round "1.8"]
[White "Sargsyan, Shant"]
[Black "Lavrencic, Matic"]
[Result "1/2-1/2"]
[WhiteTitle "GM"]
[BlackTitle "FM"]
[WhiteElo "2655"]
[BlackElo "2366"]
[WhiteFideId "13306766"]
[BlackFideId "14637847"]
[EventDate "2024.11.08"]

1. e4 c5 2. Nf3 e6 3. c3 Nf6 4. e5 Nd5 5. a3 a6 6. d4 cxd4 7. cxd4 d6 8. Bd3 Bd7
9. O-O Bc6 10. Qe2 Nd7 11. Rd1 Be7 12. Bd2 O-O 13. h4 dxe5 14. dxe5 Nc5 15. Bc2
Bb5 16. Qe1 Ba4 17. Ba5 Qe8 18. Bxa4 Qxa4 19. Rd4 Qb5 20. a4 Qxb2 21. Nc3 Nxc3
22. Bxc3 Qc2 23. Rc1 Qg6 24. Qd1 a5 25. Bd2 Rfd8 26. Rcc4 Rxd4 27. Rxd4 h6 28.
Be3 b6 29. Nd2 Rd8 30. h5 Qf5 31. Rxd8+ Bxd8 32. Nc4 Bc7 33. Bxc5 1/2-1/2

[Event "24th ch-EUR Indiv 2024"]
[Site "Petrovac MNE"]
[Date "2024.11.08"]
[Round "1.9"]
[White "Nemsadze, Daviti"]
[Black "Bjerre, Jonas Buhl"]
[Result "0-1"]
[WhiteTitle "FM"]
[BlackTitle "GM"]
[WhiteElo "2366"]
[BlackElo "2654"]
[WhiteFideId "13619250"]
[BlackFideId "1444948"]
[EventDate "2024.11.08"]

1. e4 c5 2. Nf3 d6 3. d4 cxd4 4. Nxd4 Nf6 5. Nc3 a6 6. h3 e5 7. Nb3 Be7 8. g4 h6
9. Be3 Nbd7 10. a4 Nf8 11. Bc4 Be6 12. Nd5 Rc8 13. Qd3 Ng6 14. O-O-O Nxd5 15.
Bxd5 Qc7 16. c3 O-O 17. a5 Qd7 18. Kc2 Rc7 19. Rhf1 Rfc8 20. Ra1 Bg5 21. Nd2 Ne7
22. Bb6 Rc6 23. Ra3 Bxd2 24. Bxc6 Qxc6 25. Qxd2 Qxe4+ 26. Kc1 Qg2 27. Re1 Qxh3
28. Qxd6 Ng6 29. Ra4 Rxc3+ 30. Kd2 Rb3 31. Re3 Qf1 32. Rxb3 Bxb3 33. Qd8+ Kh7
34. Ra3 Qd1+ 35. Ke3 Qe1+ 36. Kf3 Bd5+ 0-1

[Event "24th ch-EUR Indiv 2024"]
[Site "Petrovac MNE"]
[Date "2024.11.08"]
[Round "1.10"]
[White "Bluebaum, Matthias"]
[Black "Golubka, Petro"]
[Result "1-0"]
[WhiteTitle "GM"]
[BlackTitle "GM"]
[WhiteElo "2654"]
[BlackElo "2365"]
[WhiteFideId "24651516"]
[BlackFideId "14114224"]
[EventDate "2024.11.08"]

1. Nf3 e6 2. c4 g5 3. h3 Bg7 4. d4 h6 5. Nc3 Ne7 6. e3 d5 7. cxd5 exd5 8. Bd3 c6
9. Qc2 Be6 10. b4 Nd7 11. Rb1 Rc8 12. O-O O-O 13. Ne2 b5 14. Ng3 Nb6 15. Nd2 Nc4
16. Nb3 Qd6 17. Nc5 Ra8 18. a4 a6 19. Nh5 f5 20. Nxg7 Kxg7 21. f4 Nb6 22. Ra1
Bc8 23. Bd2 Rf7 24. Ra2 gxf4 25. Rxf4 Nxa4 26. Nxa4 bxa4 27. Rxa4 Ng8 28. Bxf5
Bxf5 29. Rxf5 Rxf5 30. Qxf5 Nf6 31. Qd3 Ne4 32. Be1 Qd7 33. Rxa6 Rxa6 34. Qxa6
h5 35. Qe2 Qf5 36. Kh2 Qg6 37. Qf3 Qf7 38. Bg3 Kg6 39. Be5 Qf5 40. Qe2 Qc8 41.
b5 cxb5 42. Qxb5 Qe6 43. Qb7 1-0

[Event "24th ch-EUR Indiv 2024"]
[Site "Petrovac MNE"]
[Date "2024.11.08"]
[Round "1.11"]
[White "Ljepic, Andrej"]
[Black "Svane, Frederik"]
[Result "0-1"]
[WhiteTitle "FM"]
[BlackTitle "GM"]
[WhiteElo "2365"]
[BlackElo "2654"]
[WhiteFideId "980625"]
[BlackFideId "12923044"]
[EventDate "2024.11.08"]

1. e4 c5 2. c3 Nf6 3. e5 Nd5 4. Nf3 d6 5. d4 cxd4 6. Qxd4 e6 7. Bb5+ Nc6 8. exd6
Bd7 9. Qg4 Nf6 10. Qf4 Qb8 11. O-O Bxd6 12. Qh4 Ne7 13. Bxd7+ Nxd7 14. Nbd2 Nf5
15. Qc4 Qc7 16. Qxc7 Bxc7 17. b3 O-O-O 18. Ba3 Nf6 19. Nc4 Nh6 20. Bc5 b6 21.
Bd4 Kb7 22. a4 Nf5 23. Be5 Nd5 24. Bxc7 Nxc7 25. a5 f6 26. g4 Ne7 27. Ne3 e5 28.
axb6 axb6 29. Ra2 Rd3 30. Rfa1 Rxc3 31. Nd2 Nb5 32. Ne4 Rd3 33. Nc4 Rhd8 34. Ne3
Rxb3 35. h4 Rb4 36. Ng3 g6 37. Kg2 Nd5 38. Nxd5 Rxd5 39. Ra8 Rxg4 40. Rf8 Rxh4
41. Rxf6 Rf4 42. Re6 Nc7 43. Re7 h5 44. Rc1 Rc5 45. Rxc5 bxc5 46. Rxe5 Kb6 47.
Rg5 Rf6 48. Rxc5 Rxf2+ 49. Kxf2 Kxc5 50. Kg2 Ne6 51. Kh3 Ng5+ 52. Kh4 Nf3+ 53.
Kh3 Kd4 54. Ne2+ Ke3 55. Nc3 Kf4 56. Ne2+ Kg5 57. Kg3 Nd2 58. Nc3 Kf5 59. Kh4
Nf3+ 60. Kg3 Nd4 61. Kh4 Kf4 62. Nd5+ Ke5 63. Nc3 Ne6 64. Ne2 Kf6 65. Ng3 Ng7
66. Ne4+ Ke5 67. Nf2 Kf5 68. Nd1 Kf4 69. Kh3 g5 70. Kg2 Nf5 71. Nc3 g4 72. Nd5+
Kg5 73. Kh2 h4 74. Kg2 h3+ 75. Kh2 Kh4 76. Nf4 g3+ 77. Kh1 Kg4 78. Ne2 Nh4 79.
Ng1 g2+ 0-1

[Event "24th ch-EUR Indiv 2024"]
[Site "Petrovac MNE"]
[Date "2024.11.08"]
[Round "1.12"]
[White "Bacrot, Etienne"]
[Black "Tudor, Henry Edward"]
[Result "1/2-1/2"]
[WhiteTitle "GM"]
[BlackTitle "FM"]
[WhiteElo "2653"]
[BlackElo "2365"]
[WhiteFideId "605506"]
[BlackFideId "2409836"]
[EventDate "2024.11.08"]

1. d4 Nf6 2. c4 e6 3. Nf3 d5 4. e3 c5 5. Nc3 cxd4 6. exd4 dxc4 7. Bxc4 Be7 8.
O-O O-O 9. Qe2 b6 10. Bg5 Bb7 11. Rad1 Nbd7 12. Ne5 Rc8 13. Bb3 Nd5 14. Bxd5
Bxd5 15. Nxd5 Bxg5 16. Nc3 Nxe5 17. dxe5 Qc7 18. f4 Be7 19. f5 exf5 20. Rxf5 Qc4
21. Qxc4 Rxc4 22. Rd7 Bb4 23. Rxa7 Bxc3 24. bxc3 Rxc3 25. Rf3 Rc5 26. Re7 Rc1+
27. Rf1 Rxf1+ 28. Kxf1 Ra8 29. e6 fxe6 30. Rxe6 Ra4 31. a3 Rxa3 32. Rxb6 Ra2 1/2-1/2

[Event "24th ch-EUR Indiv 2024"]
[Site "Petrovac MNE"]
[Date "2024.11.08"]
[Round "1.13"]
[White "Damjanovic, Vuk"]
[Black "Ponomariov, Ruslan"]
[Result "0-1"]
[WhiteTitle "IM"]
[BlackTitle "GM"]
[WhiteElo "2364"]
[BlackElo "2653"]
[WhiteFideId "980021"]
[BlackFideId "14103320"]
[EventDate "2024.11.08"]

1. Nf3 d5 2. g3 c6 3. Bg2 Bf5 4. c4 dxc4 5. O-O e6 6. Na3 Bxa3 7. bxa3 Nf6 8.
Bb2 Be4 9. Qc1 b5 10. Rd1 Nbd7 11. Ne1 Qb6 12. d3 cxd3 13. Nxd3 Bxg2 14. Kxg2
O-O 15. Ne5 Nxe5 16. Bxe5 Rfd8 17. Bxf6 gxf6 18. Qf4 Kg7 19. Qg4+ Kf8 20. Qh4
Kg7 21. Qg4+ Kf8 22. Qh4 Ke7 23. Qxh7 Rh8 24. Rd7+ Kxd7 25. Qxf7+ Kc8 26. Rd1
Rd8 0-1

[Event "24th ch-EUR Indiv 2024"]
[Site "Petrovac MNE"]
[Date "2024.11.08"]
[Round "1.14"]
[White "Warmerdam, Max"]
[Black "Maltsevskaya, Aleksandra"]
[Result "1-0"]
[WhiteTitle "GM"]
[BlackTitle "IM"]
[WhiteElo "2653"]
[BlackElo "2364"]
[WhiteFideId "1048104"]
[BlackFideId "24174041"]
[EventDate "2024.11.08"]

1. e4 c6 2. d4 d5 3. e5 Bf5 4. Nd2 e6 5. Nb3 c5 6. Bb5+ Nc6 7. dxc5 Bxc5 8.
Bxc6+ bxc6 9. Nxc5 Qa5+ 10. c3 Qxc5 11. Ne2 Ne7 12. O-O O-O 13. Be3 Qb5 14. b4
a5 15. Bc5 Rfe8 16. Nd4 Qc4 17. Qd2 Bg6 18. a4 Rac8 19. Bb6 axb4 20. cxb4 Nf5
21. Rfc1 Qa6 22. a5 Nxd4 23. Bxd4 Rb8 24. Ra3 Qb5 25. Bc5 Ra8 26. h4 h6 27. Rac3
Kh8 28. Bd6 Ra6 29. Rc5 Qb7 30. f3 Rd8 31. Qc3 f6 32. Rxc6 d4 33. Rc7 dxc3 34.
Rxb7 c2 35. h5 Bf5 36. Kh2 Kg8 37. g4 fxe5 38. Bxe5 Rd1 39. Bb2 Rxc1 40. Bxc1
Bd3 41. Rd7 Bb5 42. Rc7 Rc6 43. Rb7 Be2 44. b5 Rd6 45. b6 Bxf3 46. Rc7 Rd1 47.
Rxc2 e5 48. a6 Rd7 49. Rb2 1-0

[Event "24th ch-EUR Indiv 2024"]
[Site "Petrovac MNE"]
[Date "2024.11.08"]
[Round "1.15"]
[White "Kochavi, Ori"]
[Black "Predke, Alexandr"]
[Result "1/2-1/2"]
[WhiteTitle "IM"]
[BlackTitle "GM"]
[WhiteElo "2363"]
[BlackElo "2652"]
[WhiteFideId "2816873"]
[BlackFideId "24107581"]
[EventDate "2024.11.08"]

1. e4 c5 2. Nf3 Nc6 3. Bb5 g6 4. O-O Bg7 5. Re1 e5 6. Bxc6 dxc6 7. d3 Qe7 8. a4
Nf6 9. Na3 O-O 10. Nc4 Ne8 11. a5 Nc7 12. Bd2 f6 13. Rb1 Be6 14. Qe2 Rfd8 15.
Qe3 Rd7 16. b4 Bxc4 17. dxc4 Rad8 18. b5 Ne6 19. bxc6 bxc6 20. a6 Qf7 21. Ba5
Re8 22. Qa3 Bf8 23. Qa4 Rc8 24. Red1 Nd4 25. c3 Ne2+ 26. Kf1 Nf4 27. g3 Rxd1+
28. Rxd1 Ne6 29. Qb3 Ng5 30. Nxg5 fxg5 31. Qb7 Qxc4+ 32. Kg1 Re8 33. Qxa7 Qa4
34. Rd8 Rxd8 35. Bxd8 Qd1+ 36. Kg2 g4 37. Qb7 Qf3+ 38. Kg1 Qd1+ 39. Kg2 Qf3+ 40.
Kg1 Qd1+ 1/2-1/2

[Event "24th ch-EUR Indiv 2024"]
[Site "Petrovac MNE"]
[Date "2024.11.08"]
[Round "1.16"]
[White "Mamedov, Rauf"]
[Black "Akhvlediani, Irakli"]
[Result "1-0"]
[WhiteTitle "GM"]
[BlackTitle "FM"]
[WhiteElo "2651"]
[BlackElo "2363"]
[WhiteFideId "13401653"]
[BlackFideId "13601938"]
[EventDate "2024.11.08"]

1. e4 c5 2. Nf3 d6 3. Bb5+ Nd7 4. c3 Nf6 5. Qe2 a6 6. Ba4 b5 7. Bc2 Bb7 8. d4 e6
9. a4 Qb6 10. O-O Be7 11. Nbd2 O-O 12. e5 dxe5 13. dxe5 Nd5 14. Ne4 c4 15. h4
Qc7 16. Ng3 Nc5 17. h5 Rfd8 18. axb5 axb5 19. Rxa8 Bxa8 20. Rd1 Bb7 21. h6 g6
22. Ne4 Nxe4 23. Bxe4 Rc8 24. Bd2 Ra8 25. Bb1 Bf8 26. Nh2 Qc6 27. Qf1 Be7 28.
Ng4 Nb6 29. f3 Rd8 30. Be3 Nd5 31. Bd4 Qc7 32. Be4 Nf4 33. Ra1 Nd5 34. Kh1 Ra8
35. Rxa8+ Bxa8 36. Qa1 Bc6 37. Bf2 Kf8 38. Qe1 Qd8 39. Qg1 Ke8 40. Bd4 Bb7 41.
Qf2 Qc7 42. Qd2 Qd8 43. Bf2 Qa8 44. Qd4 Qa6 45. Bg3 Qa8 46. Kh2 Qc8 47. Qf2 Qd8
48. Nf6+ Bxf6 49. exf6 Qc8 50. Qd4 Bc6 51. Bxg6 hxg6 52. h7 Kd7 53. Qc5 e5 54.
Bxe5 Ke6 55. Qd6+ Kf5 56. Qb8 1-0

[Event "24th ch-EUR Indiv 2024"]
[Site "Petrovac MNE"]
[Date "2024.11.08"]
[Round "1.17"]
[White "Pastar, Slaven"]
[Black "Pichot, Alan"]
[Result "0-1"]
[WhiteTitle "IM"]
[BlackTitle "GM"]
[WhiteElo "2361"]
[BlackElo "2649"]
[WhiteFideId "14402718"]
[BlackFideId "110973"]
[EventDate "2024.11.08"]

1. e4 c5 2. Nf3 d6 3. Bb5+ Bd7 4. Bxd7+ Nxd7 5. O-O e6 6. Qe2 Ngf6 7. c3 Be7 8.
d4 O-O 9. e5 Ne8 10. dxc5 Nxc5 11. Rd1 Qc8 12. c4 Nd7 13. Bf4 dxe5 14. Nxe5 Nxe5
15. Bxe5 Nf6 16. Nc3 Qc6 17. b3 a6 18. h3 Rfd8 19. Rxd8+ Rxd8 20. Rd1 Rxd1+ 21.
Qxd1 b5 22. Qd4 bxc4 23. Qxc4 Qxc4 24. bxc4 Nd7 25. Bd4 Nc5 26. Kf1 f6 27. Ke2
Kf7 28. f3 f5 29. Nb1 Bd6 30. Nd2 e5 31. Be3 Ke6 32. g4 g6 33. Bg1 Na4 34. Kd3
Bc5 35. Bxc5 Nxc5+ 36. Kc3 Kd6 37. gxf5 gxf5 38. Kb4 Nd3+ 39. Ka5 Kc5 40. a3 Nb2
41. Kxa6 Nxc4 42. Nb3+ Kc6 43. a4 h5 44. h4 Ne3 45. a5 Ng2 46. Ka7 Nxh4 47. Kb8
Ng6 48. a6 Nf8 49. a7 Nd7+ 50. Kc8 Nb6+ 51. Kb8 h4 52. Nd2 Kc5 53. Kb7 h3 54.
Nc4 h2 55. Nxb6 h1=Q 56. Nd7+ Kd6 0-1

[Event "24th ch-EUR Indiv 2024"]
[Site "Petrovac MNE"]
[Date "2024.11.08"]
[Round "1.18"]
[White "Sjugirov, Sanan"]
[Black "Yarar, Bora"]
[Result "1-0"]
[WhiteTitle "GM"]
[BlackTitle "FM"]
[WhiteElo "2649"]
[BlackElo "2361"]
[WhiteFideId "4189302"]
[BlackFideId "34588400"]
[EventDate "2024.11.08"]

1. d4 d5 2. c4 c6 3. Nf3 Nf6 4. Nc3 e6 5. Bg5 h6 6. Bxf6 Qxf6 7. e3 Nd7 8. Rc1
g6 9. cxd5 exd5 10. Bd3 Bg7 11. b4 a6 12. a4 O-O 13. O-O Qd6 14. Qb3 Nb6 15. a5
Nd7 16. h3 f5 17. e4 fxe4 18. Nxe4 Qf4 19. Rce1 Nf6 20. Ne5 Nxe4 21. Rxe4 Qf6
22. g4 Be6 23. Re3 Bf7 24. f4 Rae8 25. Kg2 Qd6 26. Qb1 Re6 27. h4 Be8 28. g5
hxg5 29. hxg5 Bxe5 30. fxe5 Qe7 31. Rxf8+ Qxf8 32. Rf3 Qe7 33. Rf6 Rxf6 34. gxf6
Qe6 35. Qd1 Bd7 36. Qf3 Kf7 37. Qg3 Qg4 38. Qxg4 Bxg4 39. Kg3 Be6 40. Kf4 Bd7
41. Kg5 Be6 42. Bxg6+ Kf8 43. Bf5 1-0

[Event "24th ch-EUR Indiv 2024"]
[Site "Petrovac MNE"]
[Date "2024.11.08"]
[Round "1.19"]
[White "Ozsakallioglu, Okan"]
[Black "Grandelius, Nils"]
[Result "0-1"]
[WhiteTitle "IM"]
[BlackTitle "GM"]
[WhiteElo "2360"]
[BlackElo "2645"]
[WhiteFideId "6367011"]
[BlackFideId "1710400"]
[EventDate "2024.11.08"]

1. e4 c5 2. Nf3 d6 3. d4 cxd4 4. Nxd4 Nf6 5. Nc3 a6 6. Be3 e5 7. Nb3 Be6 8. h3
Nbd7 9. Qd2 b5 10. O-O-O Be7 11. g4 O-O 12. g5 b4 13. Nd5 Nxd5 14. exd5 Bf5 15.
Qxb4 a5 16. Qa4 Bxg5 17. Rg1 Bxe3+ 18. fxe3 Nb6 19. Qb5 Qc7 20. Qc6 Qb8 21. Qb5
Rc8 22. Na1 Rc5 23. Qb3 a4 24. Qa3 Qc7 25. Bd3 Bxd3 26. Qxd3 Nc4 27. Rg4 g6 28.
Rdg1 Qb6 29. Qc3 Rac8 30. b3 Nxe3 31. Qxe3 Rxc2+ 32. Nxc2 Qxe3+ 0-1

[Event "24th ch-EUR Indiv 2024"]
[Site "Petrovac MNE"]
[Date "2024.11.08"]
[Round "1.20"]
[White "Kollars, Dmitrij"]
[Black "Bodrogi, Bendeguz"]
[Result "1-0"]
[WhiteTitle "GM"]
[BlackTitle "FM"]
[WhiteElo "2641"]
[BlackElo "2358"]
[WhiteFideId "12909572"]
[BlackFideId "790303"]
[EventDate "2024.11.08"]

1. e4 c6 2. d4 d5 3. e5 c5 4. Nf3 cxd4 5. Qxd4 Nc6 6. Qf4 f6 7. Bb5 g5 8. Qa4 g4
9. Nd4 fxe5 10. Nxc6 bxc6 11. Bxc6+ Bd7 12. c4 d4 13. O-O Nf6 14. Re1 Rc8 15.
Bxd7+ Qxd7 16. Qc2 Bg7 17. Bg5 O-O 18. Nd2 h6 19. Bh4 d3 20. Qb3 Qd4 21. Qa3 e4
22. Rad1 Rcd8 23. b4 h5 24. Qa5 e5 25. Bxf6 Rxf6 26. Nxe4 Rf4 27. Re3 Rd7 28.
Qc5 Rd8 29. Rexd3 Qxd3 30. Rxd3 Rxd3 31. Qc8+ Rf8 32. Qe6+ Kh8 33. g3 Rd4 34.
Qg6 Kg8 35. Ng5 Rf6 36. Qe8+ Rf8 37. Qe6+ 1-0

[Event "24th ch-EUR Indiv 2024"]
[Site "Petrovac MNE"]
[Date "2024.11.08"]
[Round "1.21"]
[White "Derakhshani, Borna"]
[Black "Ivanchuk, Vasyl"]
[Result "1/2-1/2"]
[WhiteTitle "FM"]
[BlackTitle "GM"]
[WhiteElo "2355"]
[BlackElo "2640"]
[WhiteFideId "12518450"]
[BlackFideId "14100010"]
[EventDate "2024.11.08"]

1. e4 e5 2. Nf3 Nc6 3. Bb5 a6 4. Ba4 Nf6 5. O-O Be7 6. Re1 b5 7. Bb3 d6 8. c3
O-O 9. h3 Bb7 10. d4 Re8 11. Nbd2 exd4 12. cxd4 Nd7 13. Nf1 Bf6 14. Ng3 g6 15.
Bf4 Na5 16. Bc2 c5 17. b3 Nc6 18. Be3 Nb4 19. Bb1 Rc8 20. a3 Nc6 21. Ra2 cxd4
22. Nxd4 Nxd4 23. Bxd4 d5 24. Rd2 Qa5 25. Bxf6 Nxf6 26. e5 Ne4 27. Nxe4 dxe4 28.
Bxe4 Bxe4 29. Rxe4 Qxa3 30. Kh2 Qc1 31. Qe2 Re6 32. Rd7 Rc7 33. Rxc7 Qxc7 34. f4
f6 35. b4 fxe5 1/2-1/2

[Event "24th ch-EUR Indiv 2024"]
[Site "Petrovac MNE"]
[Date "2024.11.08"]
[Round "1.22"]
[White "Sargissian, Gabriel"]
[Black "Nikcevic, Nebojsa"]
[Result "1-0"]
[WhiteTitle "GM"]
[BlackTitle "GM"]
[WhiteElo "2640"]
[BlackElo "2354"]
[WhiteFideId "13300881"]
[BlackFideId "901776"]
[EventDate "2024.11.08"]

1. d4 d5 2. c4 c6 3. Nf3 Nf6 4. e3 e6 5. Bd3 Nbd7 6. O-O dxc4 7. Bxc4 Bd6 8. Nc3
b5 9. Bb3 b4 10. Na4 Bb7 11. e4 Nxe4 12. Re1 Nef6 13. Ne5 O-O 14. Bf4 Bxe5 15.
Bxe5 Nxe5 16. dxe5 Nd5 17. Nc5 Qe7 18. Rc1 a5 19. Qg4 Ba6 20. Bc2 g6 21. Bb3 a4
22. Bxa4 Bd3 23. Bxc6 Bf5 24. Qc4 Ra5 25. Nb7 Ra7 26. Nd6 Rc7 27. Qd4 Qg5 28. h4
Qf4 29. Red1 Bg4 30. f3 Bf5 31. Kf2 Rb8 32. Qxf4 Nxf4 33. Bb5 Rxc1 34. Rxc1 Bd3
35. Ke3 Bxb5 36. Kxf4 Ba6 37. Ke4 1-0